000 00352 a2200169 4500
001 171466
020 _a85-322-0018-4
040 _cMagnum
100 _aGaldino, Luiz
240 1 0 _aO mágico errado
_lpor
245 1 0 _aO mágico errado
300 _a31
362 0 _a1990
440 1 _aFTD
697 _aLITERATURA INFANTO-JUVENIL
942 _cBK
999 _c171466
_d171466